| Tag |
First Indicator |
Second Indicator |
Subfields |
| LEADER |
00000cam a2200000Ia 4500 |
| 001 |
in00002492468 |
| 005 |
20211202191529.0 |
| 006 |
m d f |
| 007 |
cr bn| |
| 008 |
090505s2008 dcu ob f000 0 eng d |
| 035 |
|
|
|a (OCoLC)ocn320235453
|
| 040 |
|
|
|a GPO
|c GPO
|d OCLCA
|d GPO
|d MvI
|d UtOrBLW
|
| 049 |
|
|
|a WWW
|
| 074 |
|
|
|a 0520-B-16 (online)
|
| 086 |
0 |
|
|a HS 4.118:C 31/2008
|
| 245 |
0 |
0 |
|a What every member of the trade community should know about :
|b caviar.
|
| 246 |
3 |
0 |
|a Caviar
|
| 250 |
|
|
|a Rev. March 2008.
|
| 264 |
|
1 |
|a [Washington, D.C.] :
|b U.S. Customs and Border Protection,
|c [2008]
|
| 300 |
|
|
|a 20 pages :
|b digital, PDF file
|
| 336 |
|
|
|a text
|b txt
|2 rdacontent
|
| 337 |
|
|
|a computer
|b c
|2 rdamedia
|
| 338 |
|
|
|a online resource
|b cr
|2 rdacarrier
|
| 490 |
1 |
|
|a An informed compliance publication
|
| 538 |
|
|
|a Mode of access: Internet from the CBP web site. Address as of 5/04/2009: http://www.cbp.gov/linkhandler/cgov/trade/legal/informed%5Fcompliance%5Fpubs/icp011.ctt/icp011.pdf ; current access is available via PURL.
|
| 500 |
|
|
|a Title from title screen (viewed on May 4, 2009).
|
| 504 |
|
|
|a Includes bibliographical references (pages 14-16).
|
| 500 |
|
|
|a Electronic resource.
|
| 650 |
|
0 |
|a Caviar
|z United States.
|
| 650 |
|
0 |
|a Tariff on fishes
|z United States.
|
| 710 |
2 |
|
|a U.S. Customs and Border Protection.
|
| 830 |
|
0 |
|a Informed compliance publication.
|
| 856 |
4 |
0 |
|u https://purl.fdlp.gov/GPO/LPS112193
|t 0
|
| 999 |
|
|
|a MARS
|
| 999 |
f |
f |
|s 14522976-8d3d-31da-9ea1-cb7a0e4a2fe3
|i a7a0ae8a-9877-315b-999f-74f611947109
|t 0
|
| 952 |
f |
f |
|a Texas A&M University
|b College Station
|c Electronic Resources
|d Available Online
|t 0
|e HS 4.118:C 31/2008
|h Superintendent of Documents classification
|
| 998 |
f |
f |
|a HS 4.118:C 31/2008
|t 0
|l Available Online
|